000 02770nam0a2200421 4500
001 RU\NLR\BIBL_A\012423472
005 20210212120417.0
010 _a978-5-9228-2279-4
_9500
021 _aRU
_bКН-П-20-051130
_9КН-П-20-3845
035 _a(NLR Aleph) 012423472
035 _a(RuMoRGB)010411670
090 _a11839105
_c11839105
100 _a20201218d2020 k y0rusy50 ca
101 0 _arus
102 _aRU
105 _aa|||z|||000zy
181 0 _ai
_baxxe
182 0 _an
200 1 _aПравый популизм: глобальный тренд и региональные особенности
_eмонография
_f[Н.К. Капитонова - доктор исторических наук, профессор, И.Э. Магадеев - кандидат исторических наук, доцент, В.О. Печатнов - доктор исторических наук, профессор, заслуженный деятель науки Российской Федерации и др.]
_gпод редакцией Л.С. Окуневой и А.И. Тэвдой-Бурмули
_gФедеральное государственное автономное образовательное учреждение высшего образования "Московский государственный институт международных отношений (университет) Министерства иностранных дел Российской Федерации"
203 _aТекст
_bвизуальный
_cнепосредственный
210 _aМосква
_cМГИМО-Университет
_d2020
215 _a404, [1] с.
_cил., табл.
_d20
300 _aАвт. указаны на обороте тит. л.
320 _aБиблиогр.: с. 395-403 (135 назв.) и в подстроч. примеч.
606 1 _aПопулизм правый
_z21 в.
_2nlr_sh2
_3RU\NLR\AUTH\6601682573
686 1 _aФ3(0)15
686 1 _aТ3(0)63-5
701 1 _aКапитонова
_bН. К.
_gНаталия Кирилловна
_3RU\NLR\AUTH\770224979
701 1 _aМагадеев
_bИ. Э.
_gИскандэр Эдуардович
_3RU\NLR\AUTH\770147272
701 1 _aПечатнов
_bВ. О.
_f1947-
_gВладимир Олегович
_3RU\NLR\AUTH\7770574
702 1 _aОкунева
_bЛ. С.
_gЛюдмила Семеновна
_4340
712 0 2 _aМосковский государственный институт международных отношений
_3RU\NLR\AUTH\8810042210
_4475
942 _cBOOK
980 _aNBR
980 _aNB